Sports Quiz

Random Sports or MLB Quiz
Score 0/202 Timer 15:00
25 Plays Today
HRs Player % Correct
73Barry Bonds
98.7%
49Barry Bonds
98.7%
46Barry Bonds
98.7%
46Barry Bonds
98.7%
45Barry Bonds
98.7%
45Barry Bonds
98.7%
60Babe Ruth
98%
59Babe Ruth
98%
54Babe Ruth
98%
54Babe Ruth
98%
49Babe Ruth
98%
47Babe Ruth
98%
46Babe Ruth
98%
46Babe Ruth
98%
46Babe Ruth
98%
66Sammy Sosa
97.3%
64Sammy Sosa
97.3%
63Sammy Sosa
97.3%
50Sammy Sosa
97.3%
49Sammy Sosa
97.3%
70Mark McGwire
96.6%
65Mark McGwire
96.6%
58Mark McGwire
96.6%
52Mark McGwire
96.6%
49Mark McGwire
96.6%
57Alex Rodriguez
92.4%
54Alex Rodriguez
92.4%
52Alex Rodriguez
92.4%
48Alex Rodriguez
92.4%
47Alex Rodriguez
92.4%
61Roger Maris
91.8%
54Mickey Mantle
90.8%
52Mickey Mantle
90.8%
59Giancarlo Stanton
89.2%
56Ken Griffey Jr
88.5%
56Ken Griffey Jr
88.5%
49Ken Griffey Jr
88.5%
48Ken Griffey Jr
88.5%
45Ken Griffey Jr
88.5%
43Ted Williams
86.7%
43Matt Williams
86.4%
47Hank Aaron
85.8%
45Hank Aaron
85.8%
44Hank Aaron
85.8%
44Hank Aaron
85.8%
44Hank Aaron
85.8%
44Hank Aaron
85.8%
52Willie Mays
84.5%
51Willie Mays
84.5%
49Willie Mays
84.5%
47Willie Mays
84.5%
54David Ortiz
84.5%
47David Ortiz
84.5%
57Luis Gonzalez
84.3%
47Juan Gonzalez
84.3%
46Juan Gonzalez
84.3%
45Juan Gonzalez
84.3%
43Juan Gonzalez
84.3%
58Ryan Howard
83.7%
48Ryan Howard
83.7%
47Ryan Howard
83.7%
45Ryan Howard
83.7%
52Aaron Judge
83.5%
48Frank Howard
83.4%
44Frank Howard
83.4%
44Frank Howard
83.4%
49Lou Gehrig
83.3%
49Lou Gehrig
83.3%
HRs Player % Correct
47Lou Gehrig
83.3%
46Lou Gehrig
83.3%
45Manny Ramirez
82.2%
45Manny Ramirez
82.2%
44Manny Ramirez
82.2%
43Manny Ramirez
82.2%
50Prince Fielder
81.7%
46Prince Fielder
81.7%
51Cecil Fielder
81.6%
44Cecil Fielder
81.6%
49Albert Pujols
81.4%
47Albert Pujols
81.4%
46Albert Pujols
81.4%
43Albert Pujols
81.4%
43Frank Thomas
80.6%
45Gorman Thomas
80.3%
43Khris Davis
79.8%
45Chipper Jones
79.7%
51Andruw Jones
79.7%
47Chris Davis
79.7%
52Jim Thome
79.6%
49Jim Thome
79.6%
47Jim Thome
79.6%
48Khris Davis
79.2%
53Chris Davis
79.2%
47Reggie Jackson
78.1%
58Jimmie Foxx
78%
50Jimmie Foxx
78%
48Jimmie Foxx
78%
44Jimmie Foxx
78%
50Brady Anderson
75.7%
49Shawn Green
75.1%
49Frank Robinson
74.1%
48Mike Schmidt
73.8%
45Mike Schmidt
73.8%
54Jose Bautista
73.3%
44Miguel Cabrera
73.3%
44Miguel Cabrera
73.1%
45Mike Trout
72.6%
49Harmon Killebrew
71.6%
49Harmon Killebrew
71.6%
48Harmon Killebrew
71.6%
46Harmon Killebrew
71.6%
45Harmon Killebrew
71.6%
44Harmon Killebrew
71.6%
53Pete Alonso
71.5%
46Jose Canseco
71%
44Jose Canseco
71%
47Jeff Bagwell
70.7%
43Jeff Bagwell
70.7%
46Joe DiMaggio
70.2%
45J.D. Martinez
69.5%
43J.D. Martinez
69.1%
47George Bell
68.8%
47Rafael Palmeiro
68.8%
47Rafael Palmeiro
68.8%
43Rafael Palmeiro
68.8%
43Rafael Palmeiro
68.8%
50Albert Belle
68.7%
49Albert Belle
68.7%
48Albert Belle
68.7%
49Larry Walker
68.3%
49Todd Helton
66.8%
58Hank Greenberg
66.7%
44Hank Greenberg
66.7%
45Willie McCovey
66.2%
44Willie McCovey
66.2%
45Johnny Bench
65.5%
HRs Player % Correct
48Willie Stargell
64%
44Willie Stargell
64%
44Tino Martinez
63.1%
56Hack Wilson
62.8%
46Adam Dunn
62.5%
44Mo Vaughn
62.5%
50Greg Vaughn
62.5%
45Greg Vaughn
62.5%
47Ernie Banks
61.8%
45Ernie Banks
61.8%
44Ernie Banks
61.8%
43Ernie Banks
61.8%
43Davey Johnson
60.8%
49Andre Dawson
59.7%
44Carl Yastrzemski
59.6%
48Adrian Beltre
59.5%
43Gary Sheffield
59.3%
43Jason Giambi
59.1%
44Carlos Delgado
58.4%
44Vladimir Guerrero
57.9%
52George Foster
57.8%
46Jim Rice
57%
47Cody Bellinger
57%
45Lance Berkman
56.5%
54Ralph Kiner
56.1%
51Ralph Kiner
56.1%
47Ralph Kiner
56.1%
43Josh Hamilton
54.4%
47Andres Galarraga
53.9%
44Andres Galarraga
53.9%
43Nelson Cruz
53.2%
44Nelson Cruz
53.2%
46Derrek Lee
53.1%
47Eddie Mathews
52.9%
46Eddie Mathews
52.9%
48Dave Kingman
52.1%
43Duke Snider
51.7%
43Mark Teixeira
50.4%
44Christian Yelich
50.4%
46Alfonso Soriano
50.1%
44Jay Buhner
49.7%
47Troy Glaus
47.6%
47Mark Trumbo
47.4%
44Dale Murphy
47.3%
45Richie Sexson
45.6%
45Richie Sexson
45.6%
46Vinny Castilla
44.1%
51Johnny Mize
43%
43Johnny Mize
43%
47Kevin Mitchell
42.8%
46Carlos Pena
42.2%
48Jorge Soler
38.3%
46Orlando Cepeda
38.1%
44Jermaine Dye
37.4%
44Mark Reynolds
36.5%
43Javy Lopez
36.2%
43Curtis Granderson
35.8%
45Rocky Colavito
33.1%
49Ted Kluszewski
33.1%
47Ted Kluszewski
33.1%
49Eugenio Suárez
31%
44Richard Hidalgo
29.7%
43Tony Armas
29.4%
43Chuck Klein
28.1%
46Jim Gentile
22%
43Al Rosen
21.6%

You're not logged in!

Compare scores with friends on all Sporcle quizzes.
OR
Log In

Sporcle TV

Today on Sporcle TV


Watch our educational content, quiz creation guides, and fun videos on Sporcle TV.

Show Comments

Extras

Top Quizzes Today


Score Distribution

Paid Content

Your Account Isn't Verified!

In order to create a playlist on Sporcle, you need to verify the email address you used during registration. Go to your Sporcle Settings to finish the process.

Report this User

Report this user for behavior that violates our Community Guidelines.

Details: